[Event "World Blitz 2023"]
[Site "Samarkand UZB"]
[Date "2023.12.30"]
[Round "17.22"]
[White "Vakhidov, Jakhongir"]
[Black "Kuzubov, Yuriy"]
[Result "0-1"]
[WhiteElo "2574"]
[BlackElo "2487"]
[EventDate "2023.12.29"]

1. c4 e5 2. Nc3 Bb4 3. Nd5 a5 4. e3 Nf6 5. Nf3 Nc6 6. a3 Be7 7. d4 d6 8.
Be2 O-O 9. O-O Re8 10. Nxe7+ Qxe7 11. b3 Bg4 12. Bb2 e4 13. Nd2 Bxe2 14.
Qxe2 d5 15. Rac1 Nd8 16. cxd5 Nxd5 17. Nb1 c6 18. Kh1 Ne6 19. Nd2 Nf8 20.
Nc4 a4 21. b4 Nd7 22. f3 N7b6 23. Nxb6 Nxb6 24. f4 Nd5 25. Rfe1 Qd7 26. Kg1
h6 27. Bc3 Re6 28. Bd2 f5 29. Rc5 b6 30. Rc2 b5 31. Rec1 Rf8 32. Rc5 g5 33.
g3 gxf4 34. gxf4 Kh7 35. Be1 Rg8+ 36. Kh1 Reg6 37. Bh4 Qg7 38. Bg3 Rxg3 39.
hxg3 Qxg3 40. Rf1 Qh3+ 0-1

[Event "World Blitz 2023"]
[Site "Samarkand UZB"]
[Date "2023.12.30"]
[Round "17.23"]
[White "Hovhannisyan, Robert"]
[Black "Gokerkan, Cem Kaan"]
[Result "1-0"]
[WhiteElo "2570"]
[BlackElo "2365"]
[EventDate "2023.12.29"]

1. e4 c5 2. Nf3 d6 3. d4 cxd4 4. Qxd4 Nf6 5. Nc3 Nc6 6. Bb5 Bd7 7. Bxc6
Bxc6 8. Bg5 e6 9. O-O-O Be7 10. Bxf6 Bxf6 11. Qxd6 Bxc3 12. bxc3 Qxd6 13.
Rxd6 Bxe4 14. Ne5 Rc8 15. Rd4 Bc6 16. Rhd1 O-O 17. Nxc6 Rxc6 18. Rd7 Rxc3
19. Rxb7 Ra3 20. Kb2 Ra5 21. Rd3 Rf5 22. Rf3 Rg5 23. g3 a5 24. c4 e5 25. c5
e4 26. Rc3 Rf5 27. Rc2 Rc8 28. c6 Kf8 29. Kb3 Ke8 30. Ka4 Rd5 31. Rc4 f5
32. Rxg7 Rd6 33. Rg8+ 1-0

[Event "World Blitz 2023"]
[Site "Samarkand UZB"]
[Date "2023.12.30"]
[Round "17.24"]
[White "Paravyan, David"]
[Black "Omonov, Asrorjon"]
[Result "0-1"]
[WhiteElo "2566"]
[BlackElo "2069"]
[EventDate "2023.12.29"]

1. e4 c6 2. Nf3 d5 3. Nc3 Bg4 4. h3 Bxf3 5. Qxf3 e6 6. d4 dxe4 7. Qe3 Nf6
8. Be2 Be7 9. O-O Nbd7 10. Nxe4 Nxe4 11. Qxe4 Nf6 12. Qd3 O-O 13. Rd1 a5
14. a4 Qc7 15. c3 Bd6 16. g3 h6 17. Bf3 Rad8 18. Qc2 Rd7 19. Kg2 Rfd8 20.
Re1 Qb6 21. Be3 Nd5 22. Bd2 c5 23. Bxd5 exd5 24. Be3 c4 25. Bd2 Qc6 26. Re2
Rb8 27. Rae1 Rdd8 28. h4 b5 29. axb5 Qxb5 30. Bc1 a4 31. Qf5 Bf8 32. g4 Qd7
33. Qf3 Rb6 34. g5 hxg5 35. hxg5 Rg6 36. Qh5 Qf5 37. Rh1 f6 38. Rh3 Qb1 39.
Bf4 Qf5 40. Ree3 Rc8 41. Reg3 a3 42. bxa3 Bxa3 43. Rg4 Bf8 44. Qh7+ Kf7 45.
Rhg3 Qe4+ 46. Kh2 Ra8 47. Re3 Qf5 48. Qh3 Ra1 49. Rh4 Qxh3+ 50. Rhxh3 fxg5
51. Be5 g4 52. Rh5 Be7 53. Kg2 Rg5 54. Rh7 Bf6 55. Bxf6 Kxf6 56. Rh8 Rd1
57. Rf8+ Kg6 58. Re6+ Kh7 59. Re5 Rxe5 60. dxe5 Re1 61. Re8 Kg6 62. e6 Kf6
63. Rf8+ Ke7 64. Rf7+ Kxe6 65. Rxg7 Re4 66. Kg3 d4 67. cxd4 Rxd4 68. f3
gxf3 69. Kxf3 Kd5 70. Ke3 Rd3+ 71. Ke2 Kd4 72. Ra7 Kc3 73. Ra3+ Kc2 74.
Ra2+ Kb3 75. Ra8 Rd7 76. Rc8 c3 77. Rc6 Rd5 78. Rc8 c2 0-1

[Event "World Blitz 2023"]
[Site "Samarkand UZB"]
[Date "2023.12.30"]
[Round "17.25"]
[White "Chigaev, Maksim"]
[Black "Iljiushenok, Ilia"]
[Result "1/2-1/2"]
[WhiteElo "2561"]
[BlackElo "2479"]
[EventDate "2023.12.29"]

1. Nf3 d5 2. g3 Nf6 3. Bg2 c5 4. c4 Nc6 5. O-O d4 6. d3 e5 7. e3 Be7 8. Na3
O-O 9. Nc2 h6 10. b3 Bf5 11. exd4 exd4 12. a3 a5 13. Rb1 Re8 14. h3 Qd7 15.
Kh2 Bf8 16. Qd2 Bh7 17. Bb2 Qf5 18. Rbd1 Ra6 19. Rfe1 Rxe1 20. Ncxe1 Rb6
21. Qc2 Nd7 22. Rd2 Nde5 23. Nxe5 Nxe5 24. f4 Nd7 25. Re2 Nf6 26. Bc1 Qd7
27. Bd2 Ra6 28. Nf3 a4 29. Ne5 axb3 30. Qxb3 Qc7 31. a4 Rb6 32. Qa2 Ra6 33.
Qb3 Rb6 34. Qc2 Ra6 35. a5 Re6 36. Qb3 Nd7 37. Bd5 Nxe5 38. fxe5 Rxe5 39.
Rf2 Re7 40. Bf4 Qd7 41. Qb6 Bf5 42. Bd6 Re1 43. Bxf8 Kxf8 44. Qxc5+ Kg8 45.
Qxd4 Be6 46. Qc5 Bxd5 47. Qxd5 Qxd5 48. cxd5 Re5 49. Rb2 Rxd5 50. Rxb7 Rxa5
51. Rd7 Ra2+ 52. Kg1 g6 1/2-1/2

[Event "World Blitz 2023"]
[Site "Samarkand UZB"]
[Date "2023.12.30"]
[Round "17.26"]
[White "Gurel, Ediz"]
[Black "Quparadze, Giga"]
[Result "0-1"]
[WhiteElo "2359"]
[BlackElo "2617"]
[EventDate "2023.12.29"]

1. e4 c5 2. Nf3 e6 3. d4 cxd4 4. Nxd4 Nc6 5. Nc3 Qc7 6. g3 a6 7. Bg2 Nf6 8.
O-O Nxd4 9. Qxd4 Bc5 10. Bf4 d6 11. Qd2 h6 12. Rad1 e5 13. Be3 Bb4 14. Nb5
axb5 15. Qxb4 O-O 16. Qxd6 Qxd6 17. Rxd6 Rxa2 18. Rb6 Rxb2 19. c4 Re8 20.
Rxb5 Rxb5 21. cxb5 Bd7 22. Rb1 Rc8 23. f3 Rc3 24. Kf2 Rc2+ 25. Kg1 Ne8 26.
Bf1 Nc7 27. Bb6 Ne6 28. Rd1 Be8 29. Ra1 Ng5 30. Ra3 Bd7 31. h4 Nh3+ 32. Kh1
g5 33. hxg5 Nxg5 34. Bd8 Rb2 35. Bxg5 hxg5 36. Ra5 Kg7 37. Kg1 b6 38. Ra6
Rb1 39. Rxb6 Bh3 40. Kf2 Bxf1 41. f4 gxf4 42. gxf4 exf4 43. Kf3 Rxb5 44.
Rd6 Rb4 45. Rd1 Bb5 46. Kxf4 Bc6 47. Re1 Kf6 0-1

[Event "World Blitz 2023"]
[Site "Samarkand UZB"]
[Date "2023.12.30"]
[Round "17.27"]
[White "Smirnov, Anton"]
[Black "Najer, Evgeniy"]
[Result "1-0"]
[WhiteElo "2647"]
[BlackElo "2545"]
[EventDate "2023.12.29"]

1. e4 e6 2. d4 d5 3. Nc3 Nf6 4. e5 Nfd7 5. Nce2 c5 6. c3 Nc6 7. f4 Be7 8.
Nf3 O-O 9. g3 f6 10. exf6 Nxf6 11. Bg2 b6 12. O-O Bd7 13. Kh1 Kh8 14. Be3
Ne4 15. Nd2 Nd6 16. Bg1 Nf5 17. Nf3 Rc8 18. Qd2 Nd6 19. Rae1 Nc4 20. Qc1
Nd6 21. dxc5 Ne4 22. cxb6 axb6 23. Nd2 Nb4 24. Rf3 e5 25. a3 Na6 26. Nxe4
dxe4 27. Rff1 Nc5 28. Bxc5 Bxc5 29. fxe5 Rxf1+ 30. Rxf1 Bb5 31. b4 Bxe2 32.
Re1 Bd4 33. Rxe2 Rxc3 34. Qd1 Rd3 35. Qf1 Bxe5 36. Bxe4 Rd1 37. Re1 Rxe1
38. Qxe1 h6 39. Qe2 Qd4 40. Qg4 Bd6 1-0

[Event "World Blitz 2023"]
[Site "Samarkand UZB"]
[Date "2023.12.30"]
[Round "17.29"]
[White "Kezin, Roman"]
[Black "Piorun, Kacper"]
[Result "0-1"]
[WhiteElo "2492"]
[BlackElo "2589"]
[EventDate "2023.12.29"]

1. d4 Nf6 2. c4 g6 3. g3 Bg7 4. Bg2 O-O 5. Nc3 d6 6. Nf3 Bf5 7. Nh4 Bc8 8.
O-O Nc6 9. Nf3 Bf5 10. d5 Na5 11. b3 c6 12. Nd4 Bd7 13. Bb2 c5 14. Nf3 a6
15. a4 Qb6 16. Nd2 e5 17. Qc2 Qc7 18. e4 Nh5 19. Rae1 Rab8 20. f4 b5 21.
axb5 axb5 22. f5 bxc4 23. bxc4 Bh6 24. Bc1 Nf6 25. h3 Rb4 26. Qd3 Bg7 27.
Rf2 Nb3 28. Nxb3 Rxb3 29. Qc2 Rb4 30. Qd3 Qa5 31. Ref1 Rb3 32. Bd2 gxf5 33.
exf5 Qb4 34. g4 h6 35. Qc2 Rb2 36. Qd3 Rb3 37. Bf3 e4 38. Bxe4 Nxe4 39.
Qxe4 Bxc3 40. Bxh6 Re8 41. Qf4 Bf6 42. Qxd6 Qc3 43. Qxd7 Qg3+ 44. Rg2 Bd4+
45. Kh1 Qxh3+ 46. Rh2 Qxf1# 0-1

[Event "World Blitz 2023"]
[Site "Samarkand UZB"]
[Date "2023.12.30"]
[Round "17.30"]
[White "Terry, Renato"]
[Black "Rakhmatullaev, Almas"]
[Result "1-0"]
[WhiteElo "2578"]
[BlackElo "2218"]
[EventDate "2023.12.29"]

1. d4 Nf6 2. Bg5 g6 3. c3 Bg7 4. Nd2 d5 5. Ngf3 O-O 6. e3 Nbd7 7. Be2 c6 8.
O-O Re8 9. h3 e5 10. Bh4 h6 11. Bg3 exd4 12. cxd4 Ne4 13. Bh2 Nxd2 14. Nxd2
Qe7 15. Re1 f5 16. a3 a5 17. Rc1 Qf7 18. Rb1 Nf8 19. Nf3 Nd7 20. b4 axb4
21. axb4 Qe6 22. Qc2 b5 23. Rec1 Bb7 24. Ra1 Bf8 25. Qb3 Qe7 26. Rcb1 Bg7
27. Ra5 Bf8 28. Bg3 Kh7 29. Bd3 Nb6 30. h4 Nc4 31. Rxa8 Rxa8 32. h5 gxh5
33. Bxf5+ Kg8 34. Qd3 Ra3 35. Qc2 Ra4 36. Bh3 Qe4 37. Qxe4 dxe4 38. Be6+
Kg7 39. Ne5 Na3 40. Rc1 Rxb4 41. Nd7 Be7 42. Be5+ Kg6 43. f4 exf3 44. gxf3
Rb1 45. Rxb1 Nxb1 46. f4 Nd2 47. f5+ Kg5 48. f6 Bxf6 49. Bxf6+ Kg6 50. Be7
h4 51. Kh2 Nf1+ 52. Kh3 Nxe3 53. Ne5+ Kg7 54. Kxh4 Nc2 55. Bc5 b4 56. Bb3
Ne3 57. Kg3 Nd5 58. Kf3 h5 59. Kg3 Kh6 60. Kh4 Kg7 61. Kxh5 Kf6 62. Kg4
Bc8+ 63. Kf3 Kf5 64. Nxc6 Be6 65. Nxb4 Nc7 66. Bc2+ Kf6 67. Bd3 Bd7 68. Ke3
Be6 69. Be4 Bc4 70. Bd6 Nb5 71. Be5+ Ke6 72. Bf3 Kf5 73. Be4+ Ke6 74. Nc2
Nc3 75. Bf3 Kf5 76. Nb4 Nb5 77. Nc6 Nc3 78. Nb4 Nb5 79. Bd1 Nc3 80. Bc2+
Ke6 81. Nd3 Nd5+ 82. Kd2 Nb6 83. Nf4+ Ke7 84. Kc3 Bf7 85. Kb4 Nc4 86. Bb3
Nxe5 87. dxe5 Be8 88. Kc5 Bd7 89. Nd5+ Ke6 90. Kd4 Kf5 91. Ne3+ Kf4 92.
Nd5+ Kf5 93. Ne7+ Kf4 94. Kd5 Kg5 95. Kd6 Be8 96. Be6 Kf4 97. Nd5+ Kg5 98.
Nf6 Ba4 99. Bd7 Bb3 100. Nd5 Bc2 101. e6 Bg6 102. Kc7 Be4 103. Nc3 Bf5 104.
e7 Bg6 105. Kd6 Bf7 106. Nd5 Kg6 107. Nc7 Kf6 108. Be8 Bb3 109. Bh5 Ba4
110. Be2 Kf7 111. Bc4+ Kf6 112. Bb5 1-0

[Event "World Blitz 2023"]
[Site "Samarkand UZB"]
[Date "2023.12.30"]
[Round "17.31"]
[White "Vrolijk, Liam"]
[Black "Henriquez Villagra, Cristobal"]
[Result "1/2-1/2"]
[WhiteElo "2487"]
[BlackElo "2568"]
[EventDate "2023.12.29"]

1. d4 Nf6 2. c4 g6 3. g3 Bg7 4. Bg2 O-O 5. Nc3 d6 6. Nf3 Nc6 7. h4 Bg4 8.
Be3 Re8 9. d5 Bxf3 10. exf3 Ne5 11. b3 e6 12. dxe6 Rxe6 13. O-O c6 14. Qd2
h5 15. Rad1 Qc7 16. Bg5 Rae8 17. Rfe1 Nh7 18. Be3 Nf6 19. Ne2 d5 20. Nd4
R6e7 21. c5 b6 22. Rc1 b5 23. Bg5 Ned7 24. Rxe7 Rxe7 25. Bf4 Qc8 26. Bh3
Re8 27. Qa5 Qb7 28. Qc7 Qxc7 29. Bxc7 Rc8 30. Bf4 a5 31. Re1 Bf8 32. Bg5
Ra8 33. Nxc6 Bxc5 34. Ne7+ Kg7 35. Bxd7 Nxd7 36. Nxd5 Rc8 37. Rc1 Re8 38.
Nf6 Bxf2+ 39. Kxf2 Nxf6 40. Rc5 Rb8 41. Bf4 Rb7 42. Be5 Rb6 43. Rc8 Kh7 44.
Kf1 Re6 45. Bb2 a4 46. g4 hxg4 47. fxg4 g5 48. h5 axb3 49. axb3 Kg7 50. Rc5
Kh6 51. Bxf6 Rxf6+ 52. Kg2 Rf4 53. Kg3 Rb4 54. Rc3 Kg7 55. Rf3 f6 56. Rd3
Kh6 57. Rf3 1/2-1/2

[Event "World Blitz 2023"]
[Site "Samarkand UZB"]
[Date "2023.12.30"]
[Round "17.32"]
[White "Madaminov, Mukhiddin"]
[Black "Ter-Sahakyan, Samvel"]
[Result "0-1"]
[WhiteElo "2460"]
[BlackElo "2556"]
[EventDate "2023.12.29"]

1. e4 c5 2. Nf3 d6 3. d4 cxd4 4. Nxd4 Nf6 5. Nc3 a6 6. a3 g6 7. f3 Bg7 8.
Be3 b5 9. Qd2 h5 10. Be2 Bb7 11. O-O Nbd7 12. Kh1 Rc8 13. Rad1 h4 14. Bg5
h3 15. g3 Ne5 16. Kg1 Qb6 17. Be3 Qc7 18. Rc1 O-O 19. Nb3 Rfd8 20. Nd5 Nxd5
21. exd5 Nc4 22. Bxc4 bxc4 23. Nd4 Bxd5 24. Ne2 Ba8 25. b4 e5 26. c3 d5 27.
Bc5 Qd7 28. Rfd1 Rxc5 29. bxc5 Bf8 30. Qe3 Qc7 31. c6 Qxc6 32. Kf1 Re8 33.
Re1 d4 34. cxd4 exd4 35. Qf4 d3 36. Nd4 Rxe1+ 37. Rxe1 Qd7 38. Rc1 Bd5 39.
g4 Bg7 40. Rd1 Bb7 41. Nc2 Qc6 42. Ne1 a5 43. Qb8+ Kh7 44. Qg3 Ba6 45.
Qxh3+ Kg8 46. Kg2 c3 47. Rb1 d2 48. Nc2 Qd6 49. Ne3 c2 50. Nxc2 d1=Q 51.
Rxd1 Qxd1 52. Qh4 Qxc2+ 53. Kh3 Bf1+ 54. Kg3 Be5+ 0-1

[Event "World Blitz 2023"]
[Site "Samarkand UZB"]
[Date "2023.12.30"]
[Round "17.33"]
[White "Suyarov, Mukhammadzokhid"]
[Black "Khismatullin, Denis"]
[Result "1-0"]
[WhiteElo "2449"]
[BlackElo "2552"]
[EventDate "2023.12.29"]

1. d4 d6 2. Nc3 e5 3. Nf3 Nd7 4. e4 Ngf6 5. h3 c6 6. Be3 b5 7. a3 Bb7 8.
Bd3 Be7 9. O-O O-O 10. Re1 a6 11. Bf1 Re8 12. Qd2 Bf8 13. Rad1 exd4 14.
Bxd4 c5 15. Bxf6 Nxf6 16. Qf4 Qc7 17. Bd3 Re6 18. Nd5 Bxd5 19. exd5 Rxe1+
20. Rxe1 c4 21. Bf5 Qd8 22. Nd4 Qb6 23. c3 Qc5 24. Qf3 Qxd5 25. Qxd5 Nxd5
26. Be4 1-0

[Event "World Blitz 2023"]
[Site "Samarkand UZB"]
[Date "2023.12.30"]
[Round "17.34"]
[White "Abdurakhmonov, Mukhammadali"]
[Black "Zvjaginsev, Vadim"]
[Result "0-1"]
[WhiteElo "2214"]
[BlackElo "2570"]
[EventDate "2023.12.29"]

1. d4 d6 2. e4 g6 3. h4 h5 4. f3 Bg7 5. Be3 c5 6. Ne2 cxd4 7. Nxd4 Nc6 8.
Qd2 Nxd4 9. Bxd4 Bxd4 10. Qxd4 Nf6 11. Nc3 Be6 12. O-O-O Qa5 13. Bb5+ Kf8
14. f4 Rc8 15. Bd3 Qc5 16. Qxc5 Rxc5 17. a3 Kg7 18. g3 Rhc8 19. Rhe1 a6 20.
Rd2 b5 21. Ne2 Bg4 22. b4 R5c7 23. Nd4 e5 24. fxe5 dxe5 25. Nb3 Nd7 26. Kb2
Be6 27. Nc1 Nb6 28. Ne2 Bc4 29. Kb1 Na4 30. Nc1 Be6 31. Re3 Rc3 32. Bxb5
axb5 0-1

[Event "World Blitz 2023"]
[Site "Samarkand UZB"]
[Date "2023.12.30"]
[Round "17.35"]
[White "Cheparinov, Ivan"]
[Black "Isanzhulov, Arystan"]
[Result "1/2-1/2"]
[WhiteElo "2613"]
[BlackElo "2431"]
[EventDate "2023.12.29"]

1. e4 c5 2. Nf3 Nc6 3. Bb5 g6 4. O-O Bg7 5. Bxc6 dxc6 6. d3 Qc7 7. Qe2 e5
8. a4 a5 9. Be3 b6 10. Nfd2 Be6 11. Nc3 Nf6 12. f4 exf4 13. Bxf4 Qd8 14.
Be5 O-O 15. Qf3 Ng4 16. Bxg7 Kxg7 17. h3 Qd4+ 18. Kh1 Ne5 19. Qf6+ Kg8 20.
Nf3 Nxf3 21. Rxf3 Rad8 22. b3 Qxf6 23. Rxf6 Rfe8 24. Raf1 Re7 25. Kh2 Kg7
26. g4 Rh8 27. R6f2 Rd8 28. Kg3 Bd7 29. Nd1 b5 30. Nb2 Be6 31. Ra1 Rd4 32.
axb5 cxb5 33. Rxa5 Rb4 34. Nd1 Rd7 35. Rf3 c4 36. bxc4 bxc4 37. Rc5 cxd3
38. cxd3 Rbd4 39. Nf2 Ba2 40. Rb5 h6 41. Re3 Be6 42. Rc5 Ra4 43. Rc2 Ra1
44. Kg2 Ra5 45. Rd2 Rd4 46. Rg3 h5 47. Kf3 Kf6 48. Ke3 Raa4 49. gxh5 gxh5
50. h4 Rdb4 51. Rg5 Ra1 52. Rxh5 Rg1 53. Kf3 Rbb1 54. Rc5 Rbf1 55. Ke2 Re1+
56. Kf3 Ref1 57. Rg5 Rh1 58. d4 Rxh4 59. Rg3 Bd7 60. Ke3 Ke7 61. Rf3 Re1+
62. Re2 Ra1 63. Rd2 Bb5 64. Rf4 Ra3+ 65. Nd3 Rxf4 66. Kxf4 Rxd3 67. Rb2 Bd7
68. d5 Rh3 69. Ke5 Rh5+ 70. Kd4 Rh4 71. Ke3 Kd6 72. Rf2 Be8 73. Rf6+ Ke7
74. Ra6 Bd7 75. Rb6 Bh3 76. Rb7+ Kf6 77. e5+ Kxe5 78. Rxf7 Kxd5 79. Rf4 Rh8
80. Rd4+ Kc5 81. Re4 Bd7 82. Re5+ Kd6 83. Re4 Bc6 84. Rd4+ Ke5 85. Rc4 Rh3+
86. Kd2 Be4 87. Rb4 Rg3 88. Rb2 Bd3 89. Kc3 Rh3 90. Rd2 Be4+ 91. Kb2 Bd5
92. Kc2 Kd6 93. Rd3 Rh2+ 94. Kc3 Kc5 95. Re3 Ra2 96. Kd3 Ra7 97. Kc3 Ra1
98. Kb2 Rd1 99. Kc3 Rd4 100. Rd3 Rc4+ 101. Kd2 Rh4 102. Kc3 Rh2 103. Re3
Rg2 104. Kd3 Rf2 105. Kc3 Bc6 106. Re5+ Kd6 107. Re3 Rf4 108. Kd3 Bb5+ 109.
Kc3 Kd5 110. Rg3 Rc4+ 111. Kd2 Kc5 112. Rc3 Rxc3 113. Kxc3 1/2-1/2

[Event "World Blitz 2023"]
[Site "Samarkand UZB"]
[Date "2023.12.30"]
[Round "17.36"]
[White "Asadli, Vugar"]
[Black "Zhalmakhanov, Ramazan"]
[Result "0-1"]
[WhiteElo "2584"]
[BlackElo "2427"]
[EventDate "2023.12.29"]

1. e4 c5 2. Nc3 e6 3. Nf3 Nc6 4. d4 cxd4 5. Nxd4 Qc7 6. g4 a6 7. Be3 Bb4 8.
Bg2 Ne5 9. O-O Bxc3 10. bxc3 h5 11. f4 Nxg4 12. Bd2 d6 13. h3 N4f6 14. Qf3
Ne7 15. Qg3 Rg8 16. e5 dxe5 17. fxe5 Nfd5 18. Qf3 Ng6 19. Qxh5 Rh8 20. Qg5
Nxc3 21. Bxc3 Qxc3 22. Rad1 Qc5 23. Kh1 Qxe5 24. Qg4 Rh4 25. Nf3 Rxg4 26.
Nxe5 Nxe5 27. hxg4 Nxg4 28. Rde1 Ke7 29. Rf4 Nf6 30. Rc4 Bd7 31. Rc7 Rh8+
32. Kg1 Rc8 33. Rxb7 Rxc2 34. Rd1 Ke8 35. Rb8+ Ke7 36. Rb7 g5 37. a4 Ke8
38. Rb8+ Ke7 39. Rb7 a5 40. Bf1 Nd5 41. Bb5 Kf6 42. Rxd7 Ne3 43. R1d3 Nf5
44. Rd2 Rc3 45. R7d3 Rc5 46. Rf3 g4 47. Rf4 Kg5 48. Re4 Rc1+ 49. Kf2 Rc3
50. Be2 g3+ 51. Kg2 Nh4+ 52. Kh3 f5 53. Red4 g2+ 54. Kh2 Rh3+ 55. Kxh3 g1=Q
0-1

[Event "World Blitz 2023"]
[Site "Samarkand UZB"]
[Date "2023.12.30"]
[Round "17.37"]
[White "Aditya, Mittal"]
[Black "Jumabayev, Rinat"]
[Result "1-0"]
[WhiteElo "2425"]
[BlackElo "2561"]
[EventDate "2023.12.29"]

1. e4 e6 2. d4 d5 3. Nc3 Nf6 4. Bg5 dxe4 5. Nxe4 Be7 6. Bxf6 Bxf6 7. Nf3
Nd7 8. Bd3 c5 9. Qe2 Qa5+ 10. c3 cxd4 11. Nd6+ Ke7 12. Nc4 Qh5 13. cxd4 Nb6
14. Nce5 Bxe5 15. dxe5 Bd7 16. Be4 Rac8 17. Qd2 Rhd8 18. O-O Bc6 19. Qb4+
Ke8 20. Rfd1 Nd5 21. Qe1 Qg4 22. h3 Qf4 23. Rd4 Qh6 24. Rad1 a6 25. b4 Qh5
26. Qd2 Kf8 27. Bb1 Kg8 28. Rh4 Qxh4 29. Nxh4 Rd7 30. Nf3 Nc3 31. Qxd7 Bxd7
32. Bxh7+ Kxh7 33. Rxd7 Kg6 34. Rxb7 Nd5 35. Nh4+ Kg5 36. g3 Rc1+ 37. Kg2
Rc2 38. Rxf7 Rxa2 39. Rxg7+ Kh6 40. Rg6+ Kh7 41. Rxe6 Nxb4 42. Nf5 Nd3 43.
Kf3 Rxf2+ 44. Kg4 Re2 45. Re7+ Kg8 46. e6 Nc5 47. Rg7+ Kh8 48. e7 Nd7 49.
Kg5 Nc5 50. Rf7 Ne6+ 51. Kf6 Nc7 52. Rf8+ Kh7 53. Rc8 Nd5+ 54. Kf7 1-0

[Event "World Blitz 2023"]
[Site "Samarkand UZB"]
[Date "2023.12.30"]
[Round "17.38"]
[White "Ruck, Robert"]
[Black "Gorovets, Andrey"]
[Result "1-0"]
[WhiteElo "2561"]
[BlackElo "2418"]
[EventDate "2023.12.29"]

1. Nf3 c5 2. c4 Nc6 3. Nc3 g6 4. e3 Bg7 5. d4 d6 6. d5 Ne5 7. Nd2 f5 8. Be2
Nf6 9. O-O e6 10. Nf3 Nxf3+ 11. Bxf3 e5 12. b4 e4 13. Be2 Nxd5 14. Nxd5
Bxa1 15. bxc5 Be5 16. cxd6 Qxd6 17. Qb3 O-O 18. Ba3 Qd8 19. Bxf8 Qxf8 20.
c5 Kg7 21. Rc1 Rb8 22. Qa3 Be6 23. Nf4 Bf7 24. Qxa7 g5 25. Nh5+ Bxh5 26.
Bxh5 g4 27. h3 gxh3 28. g3 Qd8 29. c6 Qc7 30. Kh2 bxc6 31. Qxc7+ Bxc7 32.
Rxc6 Be5 33. Re6 Bc3 34. Rc6 Be1 35. Rc2 Rb1 36. Kxh3 Kf6 37. Be8 Bb4 38.
a4 Ra1 39. Bb5 Bd6 40. Bd7 Be5 41. Rc6+ Kg5 42. Rc5 Kf6 43. Kg2 h5 44. Be8
h4 45. gxh4 Ra2 46. Bb5 f4 47. exf4 Bd4 48. Rc6+ Kf5 49. Rd6 Bxf2 50. Bc4
Rb2 51. Kf1 Kxf4 52. a5 Kf3 53. Rf6+ Ke3 54. a6 Rb1+ 55. Kg2 Rg1+ 56. Kh2
Ra1 57. h5 Bh4 58. Re6 Bg5 59. Kg3 Rg1+ 60. Kh2 Rg4 61. h6 Rh4+ 62. Kg3 Rh1
63. a7 Bf4+ 64. Kg4 Ra1 65. h7 Rxa7 66. h8=Q 1-0

[Event "World Blitz 2023"]
[Site "Samarkand UZB"]
[Date "2023.12.30"]
[Round "17.39"]
[White "Ponkratov, Pavel"]
[Black "Urazayev, Arystanbek"]
[Result "1-0"]
[WhiteElo "2547"]
[BlackElo "2408"]
[EventDate "2023.12.29"]

1. c4 e6 2. Nc3 d5 3. e3 Nf6 4. Nf3 Bd6 5. b3 O-O 6. Bb2 c5 7. g4 d4 8.
exd4 e5 9. d5 e4 10. Ng5 Bxg4 11. Be2 Bf5 12. Rg1 Bxh2 13. Rg2 Be5 14. Qc2
h6 15. Ngxe4 Bxc3 16. Qxc3 Bxe4 17. f3 Bg6 18. O-O-O Nbd7 19. Rdg1 Re8 20.
f4 Kf8 21. f5 Bxf5 22. Rxg7 Rxe2 23. Qf3 Qe7 24. Qxf5 Re1+ 25. Kc2 Rxg1 26.
Rxg1 Qe4+ 27. Qxe4 Nxe4 28. Bg7+ Ke7 29. Re1 f5 30. d3 Kf7 31. dxe4 Kxg7
32. e5 Nxe5 33. Rxe5 Kf6 34. Re6+ Kg5 35. Re7 f4 36. Kd3 b6 37. Ke4 Rf8 38.
Rg7+ Kh4 39. Kf3 a5 40. Rg6 h5 41. Rxb6 Kg5 42. d6 Re8 43. Rc6 Re3+ 44. Kf2
Rd3 45. Rxc5+ Kf6 46. Rxh5 Ke6 47. Rxa5 1-0

[Event "World Blitz 2023"]
[Site "Samarkand UZB"]
[Date "2023.12.30"]
[Round "17.40"]
[White "Galchenko, Matvey"]
[Black "Zeng, Chongsheng"]
[Result "0-1"]
[WhiteElo "2424"]
[BlackElo "2504"]
[EventDate "2023.12.29"]

1. e4 c6 2. d4 d5 3. exd5 cxd5 4. Bd3 Nc6 5. c3 Qc7 6. h3 g6 7. Nf3 Nf6 8.
O-O Bf5 9. Be2 e6 10. Re1 h6 11. Ne5 g5 12. Bb5 Bd6 13. Nd2 Nd7 14. Qa4 Rc8
15. Nxd7 Qxd7 16. Nf1 a6 17. Be2 Bg6 18. Ne3 Kf8 19. Qd1 h5 20. Bd3 Ne7 21.
Nf1 Nf5 22. Bxg5 Kg7 23. Ne3 h4 24. Bxf5 Bxf5 25. Nxf5+ exf5 26. Qf3 Rce8
27. Rxe8 Rxe8 28. Bxh4 Re4 29. Bg3 f4 30. Bh4 Kg6 31. Rf1 f5 32. Qd1 Qe6
33. f3 Re2 34. Re1 Qe3+ 35. Bf2 Qxf2+ 0-1

[Event "World Blitz 2023"]
[Site "Samarkand UZB"]
[Date "2023.12.30"]
[Round "17.41"]
[White "Kosakowski, Jakub"]
[Black "Bilguun, Sumiya"]
[Result "1/2-1/2"]
[WhiteElo "2485"]
[BlackElo "2407"]
[EventDate "2023.12.29"]

1. e4 c5 2. Nf3 d6 3. d4 cxd4 4. Nxd4 Nf6 5. Nc3 a6 6. Bc4 e6 7. Be3 b5 8.
Bb3 b4 9. Na4 Be7 10. O-O O-O 11. f3 Bb7 12. c3 bxc3 13. Nxc3 Nbd7 14. Bxe6
fxe6 15. Nxe6 Qa5 16. Nxf8 Kxf8 17. Rc1 Ne5 18. Kh1 Bc8 19. f4 Bg4 20. Qc2
Ned7 21. e5 dxe5 22. fxe5 Qxe5 23. Rce1 Qh5 24. Ne4 Kg8 25. Qc6 Rf8 26. Ng5
Ne5 27. Qc3 Bd6 28. Bf4 h6 29. Bxe5 Bxe5 30. Rxe5 hxg5 31. Qe3 Kh7 32. Rxg5
Qh6 33. Qd3+ Kg8 34. Re5 Bc8 35. Re3 Qg5 36. Qc4+ Kh7 37. Qc2+ Kg8 38. Qb3+
Kh7 39. Rg3 Ng4 40. Qc2+ Bf5 41. Qe2 Rd8 42. h3 Qh4 43. Rxg4 Bxg4 44. Qxg4
Qxg4 45. hxg4 Rd2 46. Rf5 Rxb2 47. Ra5 Rb4 48. g5 Rb6 49. Kh2 Kg6 50. Kg3
Kh5 51. Kf4 Rb4+ 52. Kf5 g6+ 53. Kf6 Rb6+ 54. Kg7 Rc6 55. Re5 Rb6 56. a4
Rb4 57. a5 Ra4 58. Rd5 Rg4 59. Rd6 Rxg5 60. Rxa6 Rxg2 61. Ra8 Ra2 62. a6 g5
63. Kf6 Kg4 64. Ke5 Kf3 65. a7 Ke3 66. Kf5 Ra5+ 67. Kg4 Ra4+ 68. Kg3 Ra3
69. Kg4 Ra4+ 70. Kh5 g4 71. Re8+ Kf2 72. a8=Q Rxa8 73. Rxa8 g3 74. Rf8+ Ke2
75. Kh4 g2 76. Rg8 Kf2 77. Kh3 g1=Q 78. Rxg1 Kxg1 1/2-1/2

[Event "World Blitz 2023"]
[Site "Samarkand UZB"]
[Date "2023.12.30"]
[Round "17.42"]
[White "Nigmatov, Ortik"]
[Black "Vetokhin, Savva"]
[Result "1-0"]
[WhiteElo "2382"]
[BlackElo "2483"]
[EventDate "2023.12.29"]

1. e4 c5 2. Nf3 d6 3. d4 cxd4 4. Nxd4 Nf6 5. Nc3 Nc6 6. Bg5 e6 7. Qd2 a6 8.
O-O-O Bd7 9. Nxc6 Bxc6 10. f3 Be7 11. h4 b5 12. Ne2 Qc7 13. Nd4 Bd7 14. Kb1
Rc8 15. Rc1 O-O 16. g4 Rfd8 17. Be3 Ne8 18. g5 d5 19. e5 Bc5 20. f4 b4 21.
h5 a5 22. g6 fxg6 23. hxg6 h6 24. Rh5 Qb6 25. f5 exf5 26. e6 Bxe6 27. Bxh6
Bxd4 28. Bg5 Bd7 29. Rh8+ 1-0

[Event "World Blitz 2023"]
[Site "Samarkand UZB"]
[Date "2023.12.30"]
[Round "17.43"]
[White "Zverev, Lev"]
[Black "Hong, Andrew"]
[Result "0-1"]
[WhiteElo "2299"]
[BlackElo "2460"]
[EventDate "2023.12.29"]

1. e4 e6 2. d4 d5 3. Nc3 Nf6 4. e5 Nfd7 5. f4 c5 6. Nf3 Nc6 7. Be3 a6 8.
Qd2 b5 9. a3 Bb7 10. Be2 Be7 11. O-O O-O 12. Rad1 Rc8 13. f5 cxd4 14. Nxd4
Nxd4 15. Bxd4 Bc5 16. Bxc5 Rxc5 17. Qf4 Qc7 18. Bg4 Rc4 19. Qg3 Nxe5 20.
Be2 Rc6 21. fxe6 Rxe6 22. Nxd5 Qxc2 23. Nf4 Rf6 24. Qc3 Qxc3 25. bxc3 Rc8
26. Nd5 Rxf1+ 27. Bxf1 Kf8 28. Nb4 Rxc3 29. Rd8+ Ke7 30. Rb8 Rc7 0-1